00000000nam##2200000za#4500
0019.625407
003CaOODSP
00520200421163359
007ta
008150406|2000||||xxc|||||     f|0| 0 fre|d
020 |a0-662-84974-4
040 |aCaOODSP|bfre
043 |an-cn---
0861 |aNH18-23/64F
1102 |aSociété canadienne d'hypothèques et de logement.
24510|aGuide des partenariats de logement abordable
260 |aOttawa - Ontario : |bSociété canadienne d'hypothèques et de logement
300 |a6p. ; |c28 cm.
4901 |aLe point en recherche. Série socio-économique |v64
563 |aDépliant
590 |a00-33|b2000-08-18
69107|aLogement|2gcpds
77508|tGuide to affordable housing partnerships |w(CaOODSP)9.615295
7760#|tGuide des partenariats de logement abordable |w(CaOODSP)9.602170
830#0|aLe point en recherche. Série socio-économique ;|v64|w(CaOODSP)9.513180
986 |aLNH 2267